000 00926cad a22001935a 4500
001 L152162
008 110204s2011 xxk f 000 0 eng d
035 _a(Sirsi) u152162
041 0 _aeng
110 2 _aCommission for Architecture and the Built Environment
_94058
245 0 0 _aCreating excellent buildings
_ba guide for clients
_h[electronic resource]
260 _aLondon
_bCABE
_c2011
520 _aOnline advice for people commissioning and managing building projects, including clients from the public, private and voluntary sectors as well as their design and construction teams; procurement, preparation, design, construction, defects.
590 _aKA NTK
651 4 _aEngland
_y886-
690 _aProject management
_96261
856 4 0 _uhttps://webarchive.nationalarchives.gov.uk/20110118095356/http:/www.cabe.org.uk/buildings
_zView this item free of charge at webarchive.nationalarchives.gov.uk
942 _n0
999 _c111903
_d111903